000 02415nam0a2200373 4500
001 RU\NLR\BIBL_A\022404612
005 20250127122036.0
010 _a978-5-17-167732-9
_93000
021 _aRU
_bКН-П-24-066475
_9КН-П-24-6634
035 _a(NLR Aleph) 022404612
090 _a13334551
_c13334551
100 _a20241206d2024 u y0rusy50 ca
101 1 _arus
_ceng
102 _aRU
105 _ay|||z|||000ay
181 0 _ai
_bxxxe
182 0 _an
200 1 _aБледный огонь
_eроман
_fВладимир Набоков
_gперевод [с английского] Веры Набоковой
203 _aТекст
_bвизуальный
_cнепосредственный
210 _aМосква
_cАСТ, Corpus
_d2024
215 _a348, [1] с.
_d18
225 1 _aЭксклюзив: Русская классика
300 _aНа обл. загл. сер.: Русская классика
320 _aДругие кн. авт. на 4-й с. обл.
330 _a"Бледный огонь" (1962) — самое необычное по форме произведение Владимира Набокова, состоящее из эпиграфа, одноименной поэмы в 999 строк, предисловия к ней, обширного комментария и указателя. Обстоятельства сочинения Джоном Шейдом гениальной поэмы в последние недели его жизни преломляются в фантастической призме комментария, составленного загадочным и одиноким поклонником американского поэта Чарльзом Кинботом, наполняющим мир "Бледного огня" собственным творческим опытом, воспоминаниями и страхами
333 _a16+
675 _a821.161.1-31
_v4
686 1 _aШ6(7США)67-440.4{Лх1979-50}
700 1 _7ca
_8rus
_aНабоков
_bВ. В.
_f1899-1977
_gВладимир Владимирович
_9110457
_3RU\NLR\AUTH\77403
702 1 _4730
_7ca
_8rus
_aНабокова
_bВ. Е.
_f1902-1991
_gВера Евсеевна
_92709222
_3RU\NLR\AUTH\770293662
942 _cBOOK
980 _aNB